Etiqueta de registo: 00000nas 2200025 450
001 2285192
003 http://id.bnportugal.gov.pt/bib/catbnp/2285192
021 ## $aPT$b484124/21
100 ## $a20260424a20269999m y0pory01030103ba
101 0# $apor
102 ## $aPT
106 ## $ar
110 ## $aajazz 0uu0
200 1# $aMaçonaria XXI$erevista dos maçons regulares$fGrande Loja Legal de Portugal - Grande Loja Regular de Portugal$gdir. Paulo Rola
207 #0 $aNº 1 (jan. 2026)-
210 #9 $aLisboa$cGrande Loja Legal de Portugal - Grande Loja Regular de Portugal,$d2026-
215 ## $d30 cm
326 ## $aSemestral
620 ## $dLisboa
675 ## $a061.251(051)$vBN$zpor$31997108
702 #1 $aRola,$bPaulo$4300$31995139
712 02 $aGrande Loja Regular de Portugal$4650$3114691
801 #0 $aPT$bBN$gRPC
856 41 $uhttp://rnod.bnportugal.gov.pt/ImagesBN/winlibimg.aspx?skey=&doc=2285192&img=221700&save=true
966 ## $lBN$mFGREV$sP.P. 34334 V.$x1
971 ## $ciquintas$d20260424
973 ## $cmlsousa$d20260428
Etiqueta de registo: 00254nam 2200025 450
001 2283976
003 http://id.bnportugal.gov.pt/bib/catbnp/2283976
021 ## $aPT$b5551389/25
100 ## $a20260409d2025 m y0pory01030103ba
101 0# $apor
102 ## $aPT
105 ## $aa z 000yy
106 ## $ar
200 1# $aMaçonaria na primeira pessoa$fHenrique Tigo$gpref. Paulo Rola
210 #9 $a[S.l.]$cIdeia Fixe,$d2025
215 ## $a89 p.$cil.$d22 cm
675 ## $a061.251$vBN$zpor$31947900
675 ## $a821.134.3-94"20"$vBN$zpor$31565850
700 #1 $aTigo,$bHenrique,$cpseud.$31577713
702 #1 $aRola,$bPaulo$4080$31995139
801 #0 $aPT$bBN$gRPC
966 ## $lBN$mFGMON$x1
971 ## $cabrito$d20260409
973 ## $cmlsousa$d20260429